Resistantance;The underground war in europe 1939-1945 (Record no. 2731)

MARC details
000 -LEADER
fixed length control field 00409nam a22001457a 4500
008 - FIXED-LENGTH DATA ELEMENTS--GENERAL INFORMATION
fixed length control field 250327b |||||||| |||| 00| 0 eng d
020 ## - INTERNATIONAL STANDARD BOOK NUMBER
ISBN 9780141979014
100 ## - MAIN ENTRY--AUTHOR
Author Kochanski Halik
245 ## - TITLE STATEMENT
Title Resistantance;The underground war in europe 1939-1945
260 ## - PUBLICATION, DISTRIBUTION, ETC. (IMPRINT)
Place of publication Canada
Name of publisher Penguin Books
Date of publication 2022
300 ## - COLLATION
Pagination xxii,936p
650 ## - TRACINGS
Main Subject Woldwar 1939-1945-Jewish resistance
942 ## - ADDED ENTRY ELEMENTS (KOHA)
Item type Books
050 ## - LIBRARY OF CONGRESS CALL NUMBER
Classification number D802
Item number .A2.K63
Holdings
Source of classification or shelving scheme Not for loan Permanent location Current location Date acquired Accession No. Full call number Barcode. Koha item type
Library of Congress Classification   Samuel Ogbemudia Main Library, University of Abuja Samuel Ogbemudia Main Library, University of Abuja 03/27/2025 2024/64364 D802.A2.K63 2025-1029 Books